Les diminutifs des prénoms anglais - Statistiques

Statistiques générales
  • Ce quiz a été pris 340 fois
  • Le résultat moyen est 8 sur 20
Statistiques - réponses
Question Réponse % Correct
Quel diminutif de Daniel n'existe pas ? Diny
81%
Sue est le diminutif de... Susan
81%
Pip est le diminutif de ... Philip
62%
Quel diminutif de Robert n'existe pas ? Bertie
57%
Quel est le bon diminutif pour Sabrina ? Bree
47%
Ike est le diminutif de... Isaac
47%
Quel diminutif n'existe pas pour Richard en anglais ? Ric
47%
Ted est le diminutif de... Edward
45%
Jerry est le diminutif de trois de ces prénoms, quel est l'intrus ? Joseph
45%
Quel diminutif de Margaret n'existe pas ? Mige
45%
Quel est le bon diminutif pour William ? Bill
43%
Quelle association prénom / diminutif est fausse? Ronald / Rod
34%
Quel membre de la famille royale d'Angleterre est connu sous son surnom ? le 2e fils de Charles III
32%
Quel est le diminutif le plus répandu pour Charles ? Chuck
30%
Quelle association prénom / diminutif est incorrecte ? Jacob / Job
30%
Quelle association prénom / diminutif est fausse? Lawrence / Lawy
30%
Iggy est le diminutif du prénom Ignace
23%
Quel diminutif n'existe pas pour Elizabeth en anglais ? Babet
21%
Quelle association prénom / diminutif est correcte ? Christopher / Chip
19%
Quel est le bon diminutif pour Josephine ? Jodie
15%
Aucun quiz correspondant
Distribution des résultats
% des personnes avec chaque résultat
Percentile par nombre de réponses
Votre historique - résultats
Vous n’avez pas pris ce quiz